000
00288nam a2200109Ia 4500
008
200302s9999 xx 000 0 und d
100
_a
Paul Mcgillick & Other
245
_a
Sydney Architecture the Marking of Global City
260
_b
Periplus Editions Ltd.
260
_c
2005
300
_a
191
999
_c
3402
_d
3402